00295nam a22000737a 4500008004100000040005500041245006000096260006500156230830b |||||||| |||| 00| 0 eng d aNational Science LibrarycNational Science Library aBulletin of the national institute of sciences of India aNew Delhi: bNational Institute of sciences of India, c1952